000 nam a22 7a 4500
999 _c8163
_d8163
008 171204b xxu||||| |||| 00| 0 eng d
020 _a9789382618256
100 _aEzekiel, Gulu
_94598
245 _aCaptain Cool The M. S. Dhoni Story
260 _aNew Delhi
_bWestland Ltd
_c2008